| 000 | 00437nam a2200157 a 4500 | ||
|---|---|---|---|
| 001 | 3744 | ||
| 003 | CDMR | ||
| 005 | 20130116135248.0 | ||
| 008 | 130130s2006||||||||||||||||||||||||||||d | ||
| 040 |
_aCDMR _bcat _cCPC GIRONA |
||
| 100 | 1 |
_aCasas, Josep _92660 |
|
| 245 | 1 | 0 |
_aVilaür _cCasas, Josep , Soler, Victòria |
| 260 |
_c2006 _bDiputació de Girona / Caixa Girona |
||
| 490 | 0 |
_aQuaderns de la Revista de Girona _v127 _9103 |
|
| 942 | _cMON | ||
| 999 |
_c3744 _d3744 |
||